UM Logo

Economics and development/ (Record no. 7185)

MARC details
000 -LEADER
fixed length control field 00618nam a2200193 4500
008 - FIXED-LENGTH DATA ELEMENTS--GENERAL INFORMATION
fixed length control field 170808b xxu||||| |||| 00| 0 eng d
020 ## - INTERNATIONAL STANDARD BOOK NUMBER
International Standard Book Number 0-07-707873-x (pbk)
082 ## - DEWEY DECIMAL CLASSIFICATION NUMBER
Edition number 1995
Classification number DC 338.9
Item number In4
100 ## - MAIN ENTRY--PERSONAL NAME
9 (RLIN) 21750
Personal name Ingham, Barbara
245 ## - TITLE STATEMENT
Title Economics and development/
Statement of responsibility, etc. Barbara Ingham.
260 ## - PUBLICATION, DISTRIBUTION, ETC. (IMPRINT)
Place of publication, distribution, etc. London:
Name of publisher, distributor, etc. McGraw-Hill Book Company,
Date of publication, distribution, etc. ©1995.
300 ## - PHYSICAL DESCRIPTION
Extent xi, 412 pages;
Dimensions 24 cm.
500 ## - GENERAL NOTE
General note Includes index.
650 #0 - SUBJECT ADDED ENTRY--TOPICAL TERM
9 (RLIN) 21754
Topical term or geographic name as entry element Development economics
650 #0 - SUBJECT ADDED ENTRY--TOPICAL TERM
9 (RLIN) 21755
Topical term or geographic name as entry element Economic development
650 #0 - SUBJECT ADDED ENTRY--TOPICAL TERM
9 (RLIN) 21756
Topical term or geographic name as entry element Developing countries
General subdivision Economic conditions.
365 ## - TRADE PRICE
Price amount 1,768.00
Currency code Php
942 ## - ADDED ENTRY ELEMENTS (KOHA)
Source of classification or shelving scheme Dewey Decimal Classification
Koha item type Circulation
Holdings
Withdrawn status Lost status Source of classification or shelving scheme Damaged status Not for loan Collection code Home library Current library Date acquired Source of acquisition Cost, normal purchase price Total Checkouts Full call number Barcode Date last seen Copy number Price effective from Koha item type
    Dewey Decimal Classification     Circulation UM Digos College - LIC UM Digos College - LIC 10/29/1996 Purchased 1768.00   DC 338.9 In4 1995 12252 05/15/2025 1 08/08/2017 Circulation